| 000 | 01873nam0a2200373 4500 | ||
|---|---|---|---|
| 001 | RU\NLR\bibl\1826059 | ||
| 005 | 20250616162738.0 | ||
| 021 |
_aRU _b2011-74398 _95291 |
||
| 035 | _a(nilc)RSL-KNO-005029103 | ||
| 035 | _a(NLR Aleph) 001816585 | ||
| 090 |
_a1946629 _c1946629 |
||
| 100 | _a20110926d2010 |||y0rusy50 ca | ||
| 101 | 0 | _arus | |
| 102 | _aRU | ||
| 105 | _aa ||||||||| | ||
| 200 | 1 |
_aЭкономика предприятия _eучебник для студентов вузов, обучающихся по специальности 060800 "Экономика и управление на предприятии (по отраслям)" _f[В.А. Чевычелов, С.В. Горин, Н.И. Бегучев и др.] _gпод ред. В. А. Чевычелова |
|
| 210 |
_aМосква _cПетергоф-Принт _d2010 |
||
| 215 |
_a250 с. _cил., табл. _d21 |
||
| 225 | 1 | _aБиблиотека журнала "Экономика и предпринимательство" | |
| 300 | _aАвт. указаны на обороте тит.л. | ||
| 320 | _aБиблиогр.: с. 241 и в подстроч. примеч. | ||
| 606 | 1 |
_aПредприятия _jУчебники для высших учебных заведений _xЭкономика _yРоссийская Федерация _92098774 _3RU\NLR\auth\661269589 |
|
| 686 |
_aУ9(2)29я73-1 _2rubbk |
||
| 686 | _aУ29(2)я73 | ||
| 701 | 1 |
_aЧевычелов _bВ. А. _gВалерий Александрович _4070 |
|
| 701 | 1 |
_aГорин _bС. В. _gСергей Викторович _4070 |
|
| 701 | 1 |
_aБегучев _bН. И. _gНиколай Игоревич _4070 |
|
| 801 | 0 |
_aRU _bRuMoRKP _c20110926 _grcr |
|
| 801 | 1 |
_aRU _bРГБ _c20110926 |
|
| 801 | 2 |
_aRU _bNLR _c20111028 _grcr |
|
| 830 | _aавт. по базе | ||
| 942 | _cBOOK | ||
| 980 | _aNB | ||